La revolución traicionada /

La revolución traicionada es uno de los textos marxistas más importantes de todos los tiempos. Es el único análisis serio de lo que ocurrió en la Revolución Rusa después de la muerte de Lenin. Sin el estudio riguroso de esta obra es imposible comprender las razones que llevaron al colapso de la Unió...

Full description

Bibliographic Details
Main Author: Trotsky, Leon 1879-1940
Format: Libro
Language:Spanish
Published: Santiago, Chile Ercilla 1937
Series:Colección Grandes Obras
Subjects:

MARC

LEADER 00000cam a2200000 a 4500
001 023030
003 UAHC_CL
005 20170803122208.0
008 170220s1937 cl 000 spa
040 |a UAHC_CL  |c UAHC_CL  |d UAHC_CL 
082 0 4 |a 947.084  |b T858  |2 20 
100 1 |a Trotsky, Leon  |d 1879-1940 
245 1 3 |a La revolución traicionada /  |c Leon Trotsky. 
260 |b Ercilla  |a Santiago, Chile  |c 1937 
300 |a 284 p. 
490 0 |a Colección Grandes Obras 
500 |a Texto con lomo despegado. 
520 |a La revolución traicionada es uno de los textos marxistas más importantes de todos los tiempos. Es el único análisis serio de lo que ocurrió en la Revolución Rusa después de la muerte de Lenin. Sin el estudio riguroso de esta obra es imposible comprender las razones que llevaron al colapso de la Unión Soviética y los acontecimientos de los últimos diez años en Rusia y en el resto del mundo La revolución traicionada es uno de los textos marxistas más importantes de todos los tiempos. Es el único análisis serio de lo que ocurrió en la Revolución Rusa después de la muerte de Lenin. Sin el estudio riguroso de esta obra es imposible comprender las razones que llevaron al colapso de la Unión Soviética y los acontecimientos de los últimos diez años en Rusia y en el resto del mundo. 
651 4 |a UNION SOVIETICA  |x HISTORIA  |y REVOLUCION, 1917-1921 
651 4 |a UNION SOVIETICA  |x CONDICIONES SOCIALES  |y 1917-1921 
653 |a CIENCIAS POLITICAS 
900 |a 947.084 TROT 
942 |c BK 
952 |0 0  |1 0  |4 0  |6 947_084000000000000_TROT  |7 0  |8 General  |9 45886  |a BC  |b BC  |c General  |d 2017-08-03  |l 0  |o 947.084 TROT  |p 1440540  |r 2026-01-13 00:00:00  |t 1  |w 2017-08-03  |y BK 
999 |c 23030  |d 23030